LEADER 01368nam a2200301 u 4500 001 000000012337 003 CaOOAMICUS 005 20070226105526.0 008 940516s1974 it u000 u ita u 035 $a10298897 040 $aPUL(R)$bita 041 1 $aita$hfre 100 1 $aGryson, Roger.$0(OLS)http://pul/name/8698 240 10$aMinistère des femmes dans l'Église ancienne.$lItaliano.$0(OLS)http://pul/title/17854 245 13$aIl ministero della donna nella chiesa antica :$bun problema attuale nelle sue radici storiche /$cRoger Gryson ; [traduzione di Antonio Bonchino]. 260 $aRoma :$bCittà Nuova,$cc1974. 300 $a234 p. ;$c22 cm 500 $aComprende indici. 504 $aBibliografia: p. 209-213. 650 4$aDonne nel cristianesimo$xStoria$yEvo antico.$0(OLS)http://pul/subject/9259 650 4$aDonna.$0(OLS)http://pul/subject/7073 700 1 $aBonchino, Antonio.$0(OLS)http://pul/name/11746 850 $aPUL 852 $aPUL$W1$xDP1 Cons. Gen., Altre Classi 1$y22$m43 C 124$j17431$nBK-PRI$b $qStampati$B17431$CPULBib$Z2$F17431 $H $81 941 1 $a8 961 $aINV: 57825 996 $6245$aIl ministero della donna nella chiesa antica :$bun problema attuale nelle sue radici storiche$9(OLS)http://pul/title/17855 996 $6260$aRoma :$bCittà Nuova$9(OLS)http://pul/publisher/47927 LEADER 01456nam a2200289 u 4500 001 000000111183 003 CaOOAMICUS 005 20080415112403.0 008 080415s2006 rm c u000 u ita u 020 $z978-973-7820-44-0* 040 $aPUL$bita$dBc 041 0 $aita 100 1 $aHonings, Bonifacio.$0(OLS)http://pul/name/22932 245 14$aUna irenologia della Chiesa :$bdalla solidarietà allo sviluppo integrale dell'uomo /$cBonifacio Honings. 260 $aRoman :$bSerafica,$c2006. 300 $a218 p. ;$c25 cm. 490 1 $aStudia et documenta. Academia Historico-Iuridica-Theologica Petrus Tocanel. Instituti Theologici Franciscani Roman ;$v10. 504 $aInclude riferimenti bibliografici. 650 4$aPace.$0(OLS)http://pul/subject/4327 650 4$aSolidarietà sociale.$0(OLS)http://pul/subject/33273 830 0$aStudia et documenta (Academia Historico-Iuridica-Theologica Petrus Tocanel. Instituti Theologici Franciscani Roman) ;$v10.$0(OLS)http://pul/title/103330 850 $aPUL 852 $aPUL$W1$xSL Diritto e Scienze Sociali 1$y4$m188 F 107.10$j127465$qStampati$B126162$CPULBib$Z2$F126162 $H107060 $82 941 1 $a8 996 $6020$z978-973-7820-44-0*$9(OLS)http://pul/number/137721 996 $6245$aUna irenologia della Chiesa :$bdalla solidarietà allo sviluppo integrale dell'uomo$9(OLS)http://pul/title/139793 996 $6260$aRoman :$bSerafica$9(OLS)http://pul/publisher/79863